[Event "HUN-chT2 Szechenyi 1819"]
[Site "Hungary"]
[Date "2019.02.10"]
[Round "5.11"]
[White "Toreky, Zsombor"]
[Black "Schleinig, Daniel"]
[Result "1/2-1/2"]
[WhiteElo "1582"]
[BlackElo "1690"]
[PlyCount "85"]
[EventDate "2018.10.28"]
[EventType "team-tourn"]
[EventRounds "9"]
[EventCountry "HUN"]
[SourceTitle "EXT 2021"]
[Source "ChessBase"]
[SourceDate "2020.10.23"]
[SourceVersion "1"]
[SourceVersionDate "2020.10.23"]
[SourceQuality "1"]
[WhiteTeam "Gyor Szechenyi II"]
[BlackTeam "Keszthely Spartacus"]
[WhiteTeamCountry "HUN"]
[BlackTeamCountry "HUN"]

1. d4 d5 2. Nf3 Nc6 3. e3 Bg4 4. Be2 Nf6 5. Nbd2 e6 6. Ne5 Nxe5 7. dxe5 Bxe2 8. Qxe2 Nd7 9. Nf3 Be7 10. 0-0 0-0 11. b3 f6 12. Bb2 fxe5 13. Nxe5 Nxe5 14. Bxe5 Bf6 15. Bd4 e5 16. Bc5 Be7 17. Bxe7 Qxe7 18. Rad1 c6 19. c4 Rad8 20. Rd2 Rd7 21. Rfd1 Rfd8 22. cxd5 cxd5 23. Qb5 d4 24. Qc4+ Qf7 25. exd4 Qxc4 26. bxc4 Rxd4 27. Rxd4 Rxd4 28. Rxd4 exd4 29. Kf1 Kf7 30. Ke2 Ke6 31. f4 Kf5 32. Kf3 h5 33. h3 h4 34. a4 d3 35. Ke3 d2 36. Kxd2 Kxf4 37. a5 a6 38. Ke2 Kg3 39. Kf1 g6 40. c5 g5 41. Kg1 g4 42. hxg4 Kxg4 43. Kf2 1/2-1/2